Survey pig disease outbreak and prevention at kangmeas district, kampong cham province, ការអង្កេតពីកម្រិតរាលដាល និង​ការគ្រប់គ្រងជំងឺដែលជួបប្រទះចំពោះជ្រូកចិញ្ចឹមជាលក្ខណៈគ្រួសារ នៅស្រុកកងមាស ខេត្តកំពង់ចាម (Record no. 10554)

000 -LEADER
fixed length control field 00802nam a22001577a 4500
003 - CONTROL NUMBER IDENTIFIER
control field OSt
005 - DATE AND TIME OF LATEST TRANSACTION
control field 20161027092106.0
008 - FIXED-LENGTH DATA ELEMENTS--GENERAL INFORMATION
fixed length control field 161027b xxu||||| |||| 00| 0 eng d
040 ## - CATALOGING SOURCE
Transcribing agency RUA
082 ## - DEWEY DECIMAL CLASSIFICATION NUMBER
Classification number VEM THO 2015 B517 Or.1
100 ## - MAIN ENTRY--PERSONAL NAME
9 (RLIN) 10966
Personal name THO SOPHAL; ថូ សុផល
245 ## - TITLE STATEMENT
Title Survey pig disease outbreak and prevention at kangmeas district, kampong cham province, ការអង្កេតពីកម្រិតរាលដាល និង​ការគ្រប់គ្រងជំងឺដែលជួបប្រទះចំពោះជ្រូកចិញ្ចឹមជាលក្ខណៈគ្រួសារ នៅស្រុកកងមាស ខេត្តកំពង់ចាម
260 ## - PUBLICATION, DISTRIBUTION, ETC. (IMPRINT)
Place of publication, distribution, etc. RUA
Name of publisher, distributor, etc. THO
Date of publication, distribution, etc. 2015
300 ## - PHYSICAL DESCRIPTION
Extent ix,46p.
Other physical details ill.
Dimensions 29cm.
942 ## - ADDED ENTRY ELEMENTS (KOHA)
Source of classification or shelving scheme
Koha item type VEM
Holdings
Price effective from Date last seen Permanent Location Not for loan Date acquired Source of classification or shelving scheme Koha item type Lost status Withdrawn status Date last checked out Total Checkouts Shelving location Damaged status Barcode Current Location Full call number
2016-10-272016-10-27Library Block B 2016-10-27 VEM    B517 A00964Library Block BVEM THO 2015 B517 Or.1
2016-10-272016-10-27Library Block B 2016-10-27 VEM    B517 A00460Library Block BVEM THO 2015 B517 Or.2
2016-10-272016-10-27Library Block B 2016-10-27 VEM    B517 A01292Library Block BVEM THO 2015 B517 Or.3
2016-10-272016-10-27Library Block B 2016-10-27 VEM    B517 A00835Library Block BVEM THO 2015 B517 Or.4
2016-10-272016-10-27Library Block B 2016-10-27 VEM    B517 A00401Library Block BVEM THO 2015 B517 Or.5
2016-10-272016-10-27Library Block B 2016-10-27 VEM    B517 A00163Library Block BVEM THO 2015 B517 Or.6
2016-10-272016-10-27Library Block B 2016-10-27 VEM    B517 A02231Library Block BVEM THO 2015 B517 Or.7
2016-10-272016-10-27Library Block B 2016-10-27 VEM    B517 A00004Library Block BVEM THO 2015 B517 Or.8
2021-11-232026-01-13Library Block B 2021-11-23 VEM  2025-11-242B694 a066391Library Block BVEM THO 2015 B694 Or.1
2021-11-232021-11-23Library Block B 2021-11-23 VEM    B694 a066331Library Block BVEM THO 2015 B694 Or.1
2021-11-232021-11-23Library Block B 2021-11-23 VEM    B694 a066451Library Block BVEM THO 2015 B694 Or.1
មជ្ឈមណ្ឌលឯការនៃសាកលវិទ្យាល័យភូមិន្ទកសិកម្មចំការដូង

Powered by Koha